1766 1620 1071 1631 1556 1314 1603 1389 1251 1267 1209 1577 1620 1114 1856 1864 1506 1412 1057 1323 1245 1181 1386 1904 1927 1840 1871 1496 1437 1221 1372 1914 1569 1455 1368 1239 1415 1462 1993 1438 1537 1055 1694 1898 1161 1423 1203 1411 1661 1398 1645 1643 1059 1861 1471 1971 1577 1414 1577 1401 1430 1271 1159 1405 1549 1850 1441 1253 1597 1551 1412 1075 1548 1259 1802 1864 1484 1865 1818 1464 1073 1561 1806 1013 1929 1471 1087 1330 1035 1761 1249 1068 1759 1377 1203 1944 1154 1791 1319 BCNSPRNW ULIB Ver.6.0+V

เปลี่ยนเป็นภาษาไทย

Change to English
 แสดงรายละเอียดบรรณานุกรม
  กลับหน้าหลัก

Brief Record : Get Marc (ISO 2709) : E-mail record : QR code < ปิดหน้าต่าง
LEADER : 00000nam 2200000uu 4500
001    13399111686
003     ULIB
008    110705s2007||||th 000 0 eng d
020    9780443103186
060  4 WQ^bD611 2007
245 00 Disability in pregnancy and childbirth /^cedited by StellaMcKay-Moffat
260    Edinburgh :^bLivingstone,^cc2007
300    xiv, 219 p. :^bill
650  2 Pregnancy complications
650  2 Delivery, Obstetric
650  2 Midwifery^xmethods
650  2 Pregnancy
700 1  McKay-Moffat, Stella,^eed
945    ^p1910^l0^i027739
949    Kesorn
999 ^a ใช้งานได้ทุกระบบ
รายการนี้ยังไม่มีแท็ก
คุณยังไม่ได้ล็อกอิน คุณสามารถมีกิจกรรมร่วมกับเว็บไซต์ได้ แต่ต้องล็อกอินก่อน ::
  ล็อกอิน

รายการสื่อสารสนเทศ

ลำดับที่ ประเภท เลขเรียก/บาร์โค้ด สถานที่ สถานะ
- ไม่พบข้อมูล -

รายการใกล้เคียง
    หัวเรื่อง [Pregnancy complications]
    หัวเรื่อง [Delivery, Obstetric]
    หัวเรื่อง [Pregnancy]

BibComment


ยังไม่เคยถูกคอมเมนท์

คอมเมนท์ทรัพยากรรายการนี้
  คอมเมนท์: Disability in pre..


 Copyright 2026. Bcnsprnw @Library